00000000nas##2200000za#4500
0019.509384
003CaOODSP
00520200325103555
007ta
008150406c1997||||xxc|| m #||||f|   |0eng|d
040 |aCaOODSP|beng
041 |aeng
041 |afre
043 |an-cn---
0861 |aH12-30
1101 |aCanada.|bHealth Canada. |bHealth Protection Branch.
24510|aAlert: medical devices / |cIssued by the Medical Devices Directorate.
260 |aOttawa - Ontario : |bHealth Canada.
310 |aIrregular
500 |a"To: All Canadian physicians and surgeons."--Page 1.
5203 |aTo: All Canadian physicians and surgeons.--Page 1
546 |aBilingual
563 |aPamphlet
7760#|tAlerte : matériels médicaux / |w(CaOODSP)9.500604
792 |tAlerte: matériels médicaux / |efre|w(CaOODSP)9.509385